000 00425nam a2200157Ia 4500
008 160316s2000 xxu||||| |||| 00| 0 eng d
082 _a338.900000
_bJOS-1
100 _aJoskow Paul K
245 _aEconomic regulation
250 _a
260 _aLondon
_bEdwar elgar Publishing Ltd.
_c2000
300 _a709p
_b
_cxi
365 _b
650 _a1. Trade Regulation 2. Public Utilities - Law & Llegislation
700 _a
_a
999 _c20949
_d20949